000 00667cam a22002054a 4500
020 _a0333969286
020 _a0333969294 (pbk.)
040 _cDLC
082 0 0 _a327 DIPL 2002 C275 Or.
100 1 _aBerridge, Geoff.
245 1 0 _aDiplomacy :
_btheory and practice /
250 _a2nd ed.
260 _aHoundmills, Basingstoke, Hampshire ;
_aNew York :
_bPalgrave,
_c2002.
300 _axv, 234 p. ;
_c23 cm.
650 0 _aDiplomacy.
856 4 2 _uhttp://www.loc.gov/catdir/bios/hol051/2001052346.html
856 4 2 _uhttp://www.loc.gov/catdir/description/hol031/2001052346.html
856 4 1 _uhttp://www.loc.gov/catdir/toc/fy022/2001052346.html
942 _cAEDBB
999 _c21260
_d21260